Les André du plan de Paris - Statistiques

Statistiques générales
  • Ce quiz a été pris 7 fois
  • Le résultat moyen est 6 sur 32
Statistiques - réponses
Hint Extra Hint Explanation Réponse % Correct
André Citroën 15e 1878-1935 Constructeur automobile
83%
André Breton 1er 1896-1966 Ecrivain / Poète
67%
André Malraux 1er 1901-1976 Ecrivain / Poète
67%
André Derain 12e 1880-1954 Artiste peintre
50%
André Masson 13e 1896-1987 Artiste peintre
50%
André Pieyre de Mandiargues 13e 1909-1991 Ecrivain / Poète
50%
André Gide 15e 1869-1951 Ecrivain / Poète
50%
André Maurois 16e 1885-1967 Ecrivain / Poète
33%
André Tardieu 7e 1876-1945 Homme politique
33%
André Tollet 3e 1913-2001 Syndicaliste
33%
André Del Sarte 18e 1486-1530 Artiste peintre
17%
André Antoine 18e 1858-1943 Comédien / Acteur
17%
André Messager 18e 1853-1929 Compositeur
17%
André Trannoy 13e 1907-1994 Fondateur de l'association des paralysés de France
17%
André Gill 18e 1840-1885 Artiste peintre
0%
André Danjon 19e 1890-1967 Astronome
0%
André Barsacq 18e 1909-1973 Directeur de théâtre
0%
André Lichtenberger 14e 1870-1940 Ecrivain / Poète
0%
André Rivoire 14e 1872-1930 Ecrivain / Poète
0%
André Theuriet 15e 1833-1907 Ecrivain / Poète
0%
André Pascal 16e 1872-1947 Ecrivain / Poète
0%
André Suarès 17e 1868-1948 Ecrivain / Poète
0%
André Chamson 15e 1900-1983 Historien
0%
André Honnorat 6e 1868-1950 Homme politique
0%
André Dubois 19e 1849-1922 Homme politique
0%
André Lefebvre 15e 1894-1964 Ingénieur
0%
André Mazet 6e 1793-1821 Médecin
0%
André Colledeboeuf 16e Militaire
0%
André Zirnheld 17e 1913-1942 Militaire
0%
André Dreyer 13e 1912-1944 Résistant
0%
André Voguet 13e 1913-1986 Résistant
0%
André Bréchet 17e 1921-1993 Résistant
0%
Aucun quiz correspondant
Distribution des résultats
% des personnes avec chaque résultat
Percentile par nombre de réponses
Votre historique - résultats
Vous n’avez pas pris ce quiz